Economics. F.Y.B.A. (Record no. 821014)

MARC details
000 -LEADER
fixed length control field 00529nam a2200217Ia 4500
008 - FIXED-LENGTH DATA ELEMENTS--GENERAL INFORMATION
fixed length control field 101110s9999 xx 000 0 und d
041 ## - LANGUAGE CODE
Language code of text/sound track or separate title ENGLISH
082 ## - DEWEY DECIMAL CLASSIFICATION NUMBER
Item number SR28480
100 ## - MAIN ENTRY--PERSONAL NAME
Personal name Sahuraja, R.R. and Gokhale, S.W.
245 ## - TITLE STATEMENT
Title Economics. F.Y.B.A.
260 ## - PUBLICATION, DISTRIBUTION, ETC. (IMPRINT)
Date of publication, distribution, etc 2005
Name of publisher, distributor, etc Sheth pub. Pvt. Ltd. Mumbai.
300 ## - PHYSICAL DESCRIPTION
Extent 294
365 ## - TRADE PRICE
Price amount 100
520 ## - SUMMARY, ETC.
Summary, etc Economics
546 ## - LANGUAGE NOTE
Language note ENGLISH
630 ## - SUBJECT ADDED ENTRY--UNIFORM TITLE
Uniform title Economics. F.Y.B.A.
650 ## - SUBJECT ADDED ENTRY--TOPICAL TERM
Topical term or geographic name as entry element Economics
655 ## - INDEX TERM--GENRE/FORM
Genre/form data or focus term Economics
730 ## - ADDED ENTRY--UNIFORM TITLE
Uniform title Economics. F.Y.B.A.
942 ## - ADDED ENTRY ELEMENTS (KOHA)
Koha item type Book
Holdings
Withdrawn status Lost status Damaged status Not for loan Home library Current library Date acquired Source of acquisition Cost, normal purchase price Shelving control number Total Checkouts Barcode Date last seen Price effective from Koha item type
        D. B. J. College, Chiplun D. B. J. College, Chiplun   The book land chiplun bill no. 02 Dt.19/4/06 100.00     DBJSR28480 11/11/2010 11/11/2010 Book